• 首页
  • 本馆介绍
  • 公告通知
  • 最新文献
  • 馆藏检索
  • 电子资源
  • 读者导购
  • 参考咨询
  • 我的图书馆
  • 登录
  • 详细信息显示
  • 放入我的书架
  • 预约/预借图书
  • 作者相关作品
  • 分类相关作品
  • 丛书相关作品
  • 出版社相关作品

书目信息

  • 表格格式
  • 工作单格式
  • 卡片格式
题名:
“是”与“真”
    
 
作者: 王路 著
分册:  
出版信息: 北京   人民出版社  2003
页数: 490页
开本: 20cm
丛书名:
单 册:
中图分类: B081.1
科图分类:
主题词: 形而上学--研究 , 形而上学 , 哲学学派 , 哲学学派--研究
电子资源:
ISBN: 7-01-003924-0
000 00956nam0 2200289 450
001 1235238375
005 20121003095000.81
010    @a7-01-003924-0@dCNY27.00
100    @a20031024d2003 em y0chiy50 ea
101 0  @achi
102    @aCN@b110000
105    @ay z 001yy
106    @ar
200 1  @a“是”与“真”@e形而上学的基石@f王路著@A“ shi ” yu “ zhen ”
210    @a北京@c人民出版社@d2003
215    @a490页@d20cm
330    @a本书内容包括对希腊文einai的理解,巴门尼德的真之路,亚里士多德的形而上学,近代哲学,黑格尔的《逻辑学》,海德格尔的追问,是、存在与真等。
510 1  @aBeing and Truth@zeng
517 1  @a形而上学的基石@Axing er shang xue de ji shi
606 0  @a形而上学@x研究
606 0  @a形而上学
606 0  @a哲学学派
606 0  @a哲学学派@x研究
690    @aB081.1@v4
701  0 @a王路@f(1955~)@Awang lu@4著
801  0 @aCN@b大连网信软件有限公司图书馆·11@c20121003
905    @a10447@dB081.1@eJY92
    
    “是”与“真”:形而上学的基石/王路著.-北京:人民出版社,2003
    490页;20cm
    
    
    ISBN 7-01-003924-0:CNY27.00
    本书内容包括对希腊文einai的理解,巴门尼德的真之路,亚里士多德的形而上学,近代哲学,黑格尔的《逻辑学》,海德格尔的追问,是、存在与真等。
●
相关链接 在E读中查询图书 在五车中查询图书 在当当中查询图书 在豆瓣中查询图书


正题名:"是"与"真"     索取号:B081.1/JY92         预约/预借

序号 登录号 条形码 馆藏地/架位号 状态 备注
1 7809684   278096846   学院路分馆/ [索取号:B081.1/JY92] 在馆    
2 7809685   278096855   学院路分馆/ [索取号:B081.1/JY92] 在馆    
唐山师范学院图书馆 欢迎您!
大连网信软件有限公司© 版权所有